000 04391cam0 2200661 ib4500
001 BY-NLB-br0001096088
005 20260402102838.0
010 ^a978-5-98156-497-0
^bв переплете
035 ^a(BY-MI0000)BY-NLB-br0001096088
100 ^a20140707d2013 k y0rusy50 ca
101 0 ^arus
102 ^aRU
105 ^aa z 010yy
109 ^aaa
181 0 ^ai4
182 0 ^an
200 1 ^aСмядынь
^fсоставитель, автор вступительной статьи П. И. Привалов
203 ^aТекст
^cнепосредственный
210 ^d2013
215 ^a270, [1] с.
^cил.
320 ^aБиблиография в подстрочных примечаниях
327 1 ^aСодержание: Княжеская местность и храм князей в Смоленске / С. М. Писарев. Судьба одной смоленской святыни ; Смоленск в истории дома Романовых / И. И. Орловский
345 ^9800 экз.
461 1 ^12001
^aСмоленская земля в памятниках русской словесности
^e[сборник
^fпод общей редакцией В. В. Ильина]
^vТ. 25, ч. 1
^1010
^a978-5-98156-366-9
^bв переплете
^1210
^aСмоленск
^cМаджента
^d2012—2013
^1215
^d22 см
464 0 ^12001
^aКняжеская местность и храм князей в Смоленске
^1700 1
^3BY-NLB-ar5004319
^aПисарев
^bС. П.
^gСемен Петрович
^cисторик
^f1846—1904
464 0 ^12001
^aСудьба одной смоленской святыни
464 0 ^12001
^aСмоленск в истории дома Романовых
^1700 1
^3BY-NLB-ar132331
^aОрловский
^bИ. И.
^gИван Иванович
^cисторик
^f1869—1909
602 ^3BY-NLB-ar101146
^aРомановы (династия)
^f1613—1917
^2BY-auth
606 ^3BY-NLB-ar9946
^aДИНАСТИИ
^2DVNLB
606 ^3BY-NLB-ar28726
^aРУССКИЙ
^2DVNLB
606 ^3BY-NLB-ar51896
^aХРИСТИАНСКИЕ ХРАМЫ
^2DVNLB
606 ^3BY-NLB-ar55611
^aЦЕРКВИ
^2DVNLB
606 ^3BY-NLB-ar13705
^aКНЯЖЕСТВА
^2DVNLB
606 ^3BY-NLB-ar7989
^aГОРОДА
^2DVNLB
606 ^3BY-NLB-ar2648372
^aИСТОРИЯ
^2DVNLB
606 ^3BY-NLB-ar14978
^aКРАЕВЕДЕНИЕ
^2DVNLB
607 ^3BY-NLB-ar28572
^aРоссия
^2BY-auth
607 ^3BY-NLB-ar51430
^aСмоленская губерния
^2BY-auth
607 ^3BY-NLB-ar30690
^aСмоленск, город (Россия)
^2BY-auth
607 ^3BY-NLB-ar6851145
^aСмядынь, урочище (Смоленск, город; Россия)
^2BY-auth
607 ^3BY-NLB-ar7765945
^aЦерковь Михаила Архангела (Смоленск, город; Россия)
^2BY-auth
660 ^ae-ru
660 ^ae-bw
686 ^a83.3(2Рос) + 63.3(2)
^2rubbk
690 ^a1
^2Base
^9BY-MI0000
^xRSEK
702 1 ^3BY-SEK-ar7501805
^aПривалов
^bП. И.
^gПетр Иванович
^4220
^4080
702 1 ^aИльин
^bВ. В.
^4340
801 0 ^aBY
^bBY-HM0000
^c20140707
^gpsbo
801 2 ^aBY
^bBY-MI0000
^c20260323
^gRCR
899 0 ^aBY-MI0000
^iС511
^h83.3(2Рос)